• 首页
  • 本馆介绍
  • 公告通知
  • 最新文献
  • 馆藏检索
  • 电子资源
  • 读者导购
  • 参考咨询
  • 我的图书馆
  • 登录
  • 详细信息显示
  • 放入我的书架
  • 预约/预借图书
  • 作者相关作品
  • 分类相关作品
  • 丛书相关作品
  • 出版社相关作品

书目信息

  • 表格格式
  • 工作单格式
  • 卡片格式
题名:
中国新闻传播法纲要
    
 
作者: 魏永征 著
分册:  
出版信息: 上海   上海社会科学院出版社  1999
页数: 472页
开本: 20cm
丛书名:
单 册:
中图分类: D922.161.1
科图分类:
主题词: 新闻学--传播学--法学--中国 , 新闻学 , 传播学 , 法学
电子资源:
ISBN: 7-80618-625-5
000 00870nam0 2200277 45
001 012000051460
005 20091230084154.43
010    @a7-80618-625-5@dCNY25.00
100    @a20001115d1999 em y0chiy0120 ea
101 0  @achi
102    @aCN@b310000
105    @ay z 000yy
106    @ar
200 1  @a中国新闻传播法纲要@9zhong guo xin wen chuan bo fa gang yao@f魏永征著
210    @a上海@c上海社会科学院出版社@d1999
215    @a472页@d20cm
300    @a上海社会科学院黄逸峰学术著作基金资助出版
330    @a本书内容包括:新闻活动的宪法原则,新闻报道与公民、法人的人格权,新闻媒介的广告与禁止“有偿新闻”等。
606 0  @a新闻学@x传播学@x法学@y中国
606 0  @a新闻学
606 0  @a传播学
606 0  @a法学
690    @aD922.161.1@v4
701  0 @a魏永征@9wei yong zheng@4著
801  0 @aCN@bNLC@c20091230
905    @b20798745-49@dD922.161.1@e874@f5
    
    中国新闻传播法纲要/魏永征著.-上海:上海社会科学院出版社,1999
    472页;20cm
    上海社会科学院黄逸峰学术著作基金资助出版
    
    ISBN 7-80618-625-5:CNY25.00
    本书内容包括:新闻活动的宪法原则,新闻报道与公民、法人的人格权,新闻媒介的广告与禁止“有偿新闻”等。
●
相关链接 在E读中查询图书 在五车中查询图书 在当当中查询图书 在豆瓣中查询图书


正题名:中国新闻传播法纲要     索取号:D922.161.1/874         预约/预借

序号 登录号 条形码 馆藏地/架位号 状态 备注
1 798745   207987455   第一样本阅览室/ [索取号:D922.161.1/874] 在馆    
2 798746   207987464   第一借阅区/ [索取号:D922.161.1/874] 在馆    
3 798747   207987473   第一借阅区/ [索取号:D922.161.1/874] 在馆    
4 798748   207987482   第一借阅区/ [索取号:D922.161.1/874] 在馆    
5 798749   207987491   第一借阅区/ [索取号:D922.161.1/874] 在馆    
唐山师范学院图书馆 欢迎您!
大连网信软件有限公司© 版权所有